Análisis económico de la educación en la República Dominicana / (Registro nro. 14317)

Detalles MARC
000 -LIDER
fixed length control field 01233nam a2200301 a 4500
001 - NÚMERO DE CONTROL
Identificador de número de control
003 - IDENTIFICACDOR DE NÚMERO DE CONTROL
control field DO-SdBNP
005 - DATE AND TIME OF LATEST TRANSACTION
control field 20221025115950.0
008 - ELEMENTOS DE LONGITUD FIJA
fixed length control field 100312s2003 dr a 000 0 spa d
040 ## - FUENTE DE CATALOGACIÓN
Agencia que crea de manera original el registro BPMSU
Idioma de catalogación spa
Agencia que realiza la transcripción BPMSU
082 #4 - NÚMERO DE CLASIFICACIÓN DECIMAL DE DEWEY
Classification number 370.729341
Edition number 22
092 ## - LOCALLY ASSIGNED DEWEY DECIMAL CALL NUMBER
Número de clasificación
Número de ítem (Cutter)
Número de edición
100 1# - ASIENTO PRINCIPAL -- NOMBRE PERSONAL
Nombre personal Liz, Roberto E.
245 10 - MENCIÓN DE TITULO
Título Análisis económico de la educación en la República Dominicana /
Mención de responsabilidad Roberto E. Liz, Enrique Ogando B.
260 ## - PUBLICACIÓN, DISTRIBUCIÓN, ETC. (PIE DE IMPRENTA)
Lugar de publicación, distribución, etc Santo Domingo :
Nombre del editor, distribuidor, etc. UNESCO ;
-- FLACSO,
Fecha de publicación, distribución, etc 2003.
Nombre del editor, distribuidor, etc.
300 ## - DESCRIPCIÓN FÍSICA
Extensión 82 p. :
Otros detalles físicos il. ;
Dimensiones 28 cm.
490 0# - MENCIÓN DE SERIES
Mención de serie Cuadernos de educación para todos
650 #4 - ENCABEZAMIENTO DE MATERIA--TEMÁTICO
Término temático o nombre geográfico como elemento de entrada Educación
Subdivisión temática general Aspectos socioeconómicos
Subdivisión geográfica República Dominicana
Subdivisión de forma Informes.
650 #4 - ENCABEZAMIENTO DE MATERIA--TEMÁTICO
Término temático o nombre geográfico como elemento de entrada Sociología de la educación
Subdivisión geográfica República Dominicana
Subdivisión temática general Investigaciones
Subdivisión de forma
650 #4 - ENCABEZAMIENTO DE MATERIA--TEMÁTICO
Término temático o nombre geográfico como elemento de entrada Indicadores educativos
Subdivisión geográfica República Dominicana
Subdivisión de forma Informes.
650 #4 - ENCABEZAMIENTO DE MATERIA--TEMÁTICO
Término temático o nombre geográfico como elemento de entrada Política educativa
Subdivisión geográfica República Dominicana
Subdivisión de forma Informes
700 1# - ASIENTO SECUNDARIO -- NOMBRE PERSONAL
Nombre personal Ogando B. Enrique
710 2# - ASIENTO SECUNDARIO -- NOMBRE CORPORATIVO
Nombre corporativo o de jurisdicción Secretaría de Estado de Educación (República Dominicana)
710 2# - ASIENTO SECUNDARIO -- NOMBRE CORPORATIVO
Nombre corporativo o de jurisdicción Organización de las Naciones Unidas para la Educación, la Ciencia y la Cultura
710 2# - ASIENTO SECUNDARIO -- NOMBRE CORPORATIVO
Nombre corporativo o de jurisdicción Facultad Latinoamericana de Ciencias Sociales (República Dominicana)
910 ## - VALIDACIÓN
Validación VMateo V./VM
942 ## - ADDED ENTRY ELEMENTS (KOHA)
Source of classification or shelving scheme Dewey Decimal Classification
Koha item type Libros
Existencias
Withdrawn status Lost status Source of classification or shelving scheme Damaged status Not for loan Collection code Home library Current library Date acquired Total Checkouts Full call number Barcode Date last seen Price effective from Koha item type Copy number
    Dewey Decimal Classification     Colección Dominicana Biblioteca Pública Metropolitana Salomé Ureña Biblioteca Pública Metropolitana Salomé Ureña 10/25/2022   BPMSU CD 370.7293 L789e 2003 BPMSU22100084 10/25/2022 10/25/2022 Libros  
    Dewey Decimal Classification     Colección Dominicana Biblioteca Pública Metropolitana Salomé Ureña Biblioteca Pública Metropolitana Salomé Ureña 10/25/2022   BPMSU CD 370.7293 L789e 2003 BPMSU22100085 10/25/2022 10/25/2022 Libros e.2
    Dewey Decimal Classification     Colección Dominicana Biblioteca Pública Metropolitana Salomé Ureña Biblioteca Pública Metropolitana Salomé Ureña 10/25/2022   BPMSU CD 370.7293 L789e 2003 BPMSU22100086 10/25/2022 10/25/2022 Libros e.3